Mechanika 3. Hydromechanika, termomechanika, kinematika a dynamika telies
Saved in:
| Main Author: | |
|---|---|
| Format: | Book |
| Language: | Slovak |
| Published: |
Bratislava :
Alfa,
1969
|
| Edition: | 3.opr. |
| Subjects: | |
| Tags: |
No Tags, Be the first to tag this record!
|
MARC
| LEADER | 00000nam a22000003a 4500 | ||
|---|---|---|---|
| 001 | stu52103 | ||
| 005 | 20150617225706.9 | ||
| 008 | 000218s1969----cs------------------slo-d | ||
| 040 | |a STU |b slo | ||
| 041 | 0 | |a slo | |
| 044 | |a cs | ||
| 080 | |a 531/534(075.3) | ||
| 100 | 1 | |a Kunc, Antonín |4 aut | |
| 245 | 1 | |a Mechanika 3. Hydromechanika, termomechanika, kinematika a dynamika telies | |
| 250 | |a 3.opr. | ||
| 260 | |a Bratislava : |b Alfa, |c 1969 | ||
| 300 | |a 254 s | ||
| 650 | 7 | |a Mechanika-učeb.SŠ |2 stusub | |
| 996 | |b 284M024846 |c M*9882-1 |l MMKN |s A |a 24 |w stu52103_0001 | ||